000 00558nam a2200181Ia 4500
008 191130s2010##################000#0#eng##
020 _a9780230239661
040 _aACL
_cACL
082 _a338.064 LOP
100 _aLópez-Claros, Augusto
245 _aThe innovation for development report 2009-2010
_cAugusto López-Claros
260 _aBasingstoke, Hampshire
_bPalgrave Macmillan
_c2010
300 _axvii, 397 p. : ill., maps ; 28 cm
500 _aIncludes index
990 _a56cf5084ac10000c241195a7fb47034d
991 _a171042
999 _c54060
_d54060